N/S高等学校 キャンパス - Statistics

General Stats
  • This quiz has been taken 23 times
    9 since last reset
  • The average score is 11 of 108
Answer Stats
校舎名(「キャンパス」の入力は不要) 備考 % Correct
横浜キャンパス
63%
つくばキャンパス
63%
那覇キャンパス
63%
新潟キャンパス
50%
2018年開校 御茶ノ水キャンパス
38%
池袋キャンパス
38%
渋谷キャンパス
38%
高崎キャンパス
38%
川崎キャンパス
38%
本校 沖縄伊計本校
25%
江坂キャンパス
25%
心斎橋キャンパス
25%
大宮キャンパス
25%
千葉キャンパス
25%
柏キャンパス
25%
2022年開校 秋葉原キャンパス
25%
金沢キャンパス
25%
天王寺キャンパス
25%
静岡キャンパス
25%
茨城つくば本校
13%
スクーリング会場 綾瀬キャンパス 廃校済み
13%
ところざわサクラタウンキャンパス
13%
名古屋千種キャンパス
13%
2017年開校 新宿代々木キャンパス 2024年に名称変更
13%
名古屋栄キャンパス 2024年に名称変更
13%
福岡薬院キャンパス 2024年に名称変更
13%
立川キャンパス
13%
京都四条烏丸キャンパス 2024年に名称変更
13%
横浜金港キャンパス 廃校済み
13%
名駅キャンパス
13%
神戸三宮キャンパス 2024年に名称変更
13%
広島キャンパス
13%
2021年開校 梅田キャンパス
13%
町田キャンパス
13%
浜松キャンパス
13%
岐阜キャンパス
13%
姫路キャンパス
13%
高松キャンパス
13%
北九州キャンパス
13%
川越キャンパス
13%
水戸キャンパス
13%
茨城取手キャンパス 2024年に名称変更
13%
岡山キャンパス
13%
松戸キャンパス
13%
長野キャンパス
13%
西宮北口キャンパス
13%
京都山科キャンパス
13%
奈良西大寺キャンパス
13%
松山キャンパス
13%
長崎駅前キャンパス
13%
福岡博多キャンパス
0%
2019年開校 仙台新寺通キャンパス 2024年に名称変更
0%
2020年開校 札幌大通キャンパス 2024年に名称変更
0%
東武宇都宮キャンパス 2024年に名称変更
0%
鹿児島キャンパス
0%
2023年開校 武蔵境キャンパス
0%
湘南平塚キャンパス 2024年に名称変更
0%
東岡崎キャンパス
0%
四日市キャンパス
0%
2024年開校 岩手盛岡キャンパス
0%
山形キャンパス
0%
福島郡山キャンパス
0%
東陽町キャンパス
0%
蒲田西口キャンパス
0%
聖蹟桜ヶ丘キャンパス
0%
溝の口キャンパス
0%
相模原橋本キャンパス
0%
本厚木キャンパス
0%
川口駅前キャンパス
0%
春日部キャンパス
0%
海浜幕張キャンパス
0%
群馬前橋キャンパス
0%
群馬太田キャンパス
0%
堺東キャンパス
0%
博多駅南キャンパス
0%
久留米キャンパス
0%
2025年開校 北海道函館キャンパス
0%
青森キャンパス
0%
仙台広瀬通キャンパス
0%
秋田キャンパス
0%
福島キャンパス
0%
熊谷キャンパス
0%
西武所沢キャンパス
0%
錦糸町駅北口キャンパス
0%
八王子キャンパス
0%
晴海キャンパス
0%
用賀キャンパス
0%
横須賀キャンパス
0%
新潟長岡キャンパス
0%
富山キャンパス
0%
甲府キャンパス
0%
長野松本キャンパス
0%
静岡沼津キャンパス
0%
豊田キャンパス
0%
滋賀草津キャンパス
0%
大阪池田キャンパス
0%
京橋キャンパス
0%
明石キャンパス
0%
芦屋キャンパス
0%
三田キャンパス
0%
奈良王寺駅前キャンパス
0%
倉敷キャンパス
0%
徳島キャンパス
0%
佐賀駅前キャンパス
0%
長崎佐世保キャンパス
0%
熊本キャンパス
0%
大分キャンパス
0%
JR宇都宮キャンパス
0%
No matching quizzes found
Score Distribution
Percent of People with Each Score
Percentile by Number Answered
Your Score History
You have not taken this quiz since the last reset